000 01332nam a2200385 i 4500
001 36066
003 KOSZ 005
005 20240405063114.0
008 990927s1999 pl a g f 000 0 pol
015 _aPB 1999/14769
020 _a8391128806
040 _aWA N
_cWA N
_dKOSZ 005/RW
_dKOSZ 005/HR
080 _a94(438).082.3
080 _a355.48(450)
080 _a(084.121)
100 1 _aSobieraj, Tadeusz.
_eAutor
245 1 0 _aPieśń maków na Monte Cassino /
_cTadeusz Sobieraj.
260 _aWarszawa :
_b"European Press Promotion",
_c1999.
300 _a48 stron :
_bfotografie kolorowe, mapy ;
_c31 cm.
336 _aTekst
_btxt
_2rdacontent
337 _aBez urządzenia pośredniczącego
_bn
_2rdamedia
338 _aWolumin
_bnc
_2rdacarrier
380 _aKsiążki.
380 _aAlbumy i książki artystyczne.
610 2 4 _a2 Korpus Polski (Polskie Siły Zbrojne na Zachodzie)
650 4 _aBitwa 1944 r. pod Monte Cassino.
651 4 _aMonte Cassino (Włochy ; góra)
658 _aHistoria
648 4 _a1901-2000
655 4 _aAlbum
655 4 _aFotografia polska
710 2 _aEuropean Press Promotion.
_4pbl.
856 _uhttp://koha.tu.koszalin.pl/cgi-bin/koha/opac-detail.pl?biblionumber=36066
_yKatalog online BPK
942 _2UKD
_cKS
999 _c36066
_d36066